Представление документа в формате RUSMARC

ПолеНазваниеЗначение
  Тип записи a
  Библиографический уровень m
001 Контрольный номер RU/SLIB/B/208747429
005 Дата корректировки 20201206204118.2
010 Индекс ISBN __
d Цена 5-00
101 Язык документа 0_
a Язык текста rus
200 Заглавие и сведения об ответственности 1_
a Заглавие Кэндо - путь к мужеству и благородству
e Сведения, относящиеся к заглавию кн. для учащихся ст. кл.
b Общее обозначение материала Текст
210 Выходные данные __
a Место издания М.
c Издательство Просвещение
d Дата издания 1992
215 Физическое описание __
a Объем 144 с.
606 Тематические рубрики __
a Основная рубрика Физическая культура и спорт
606 Тематические рубрики __
a Основная рубрика Фехтование и рукопашный бой
610 Ключевые слова __
a Ключевые слова кэндо; рукопашный бой
686 Индексы других классификаций __
a Классификационный индекс 75.716; ст75.716
700 Автор _1
a Фамилия Савилов
b Имя В. А.
4 Код отношения 070
801 Источник записи _0
a Страна RU
b Организация Муниципальное бюджетное учреждение культуры "Централизованная библиотечная система" г. Сургут (Центральная городская библиотека им. А. С. Пушкина)
g Правила каталогизации КиК/Уланова
801 Источник записи _1
a Страна RU
b Организация Муниципальное бюджетное учреждение культуры "Централизованная библиотечная система" г. Сургут (Центральная городская библиотека им. А. С. Пушкина)
g Правила каталогизации КиК/Уланова
852 Данные о местонахождении __
j Шифр хранения 75.716
c Каталожный индекс 75.716
i Авторский знак С 13
p Инвентарный номер 48177
901 Тип документа __
t Тип документа m
990 Данные о заказе (DOS) __
j Количество экземпляров (DOS) 1